Les 15 joueurs français les plus titrés - Statistiques

Statistiques générales
  • Ce quiz a été pris 302 fois
  • Le résultat moyen est 6 sur 15
Statistiques - réponses
Hint Réponse % Correct
1. Karim Benzema
85%
10. Thierry Henry
80%
8. Raphael Varane
68%
14. Didier Deschamps
61%
3. Frank Ribéry
47%
2. Kingsley Coman
45%
9. Patrick Vieira
34%
4. Bixente Lizarazu
32%
6. Blaise Matuidi
29%
7. Patrice Evra
29%
15. Claude Makelele
25%
12. Eric Abidal
24%
5. Adrien Rabiot
23%
13. Grégory Coupet
14%
11. Willy Sagnol
14%
Aucun quiz correspondant
Distribution des résultats
% des personnes avec chaque résultat
Percentile par nombre de réponses
Votre historique - résultats
Vous n’avez pas pris ce quiz